000 00270nam a2200121Ia 4500
100 _aGrant/ H.E.
942 _cBK
654 _aJigs and fixtures
245 _aJigs and Fixtures
260 _bTata Mc Graw hill
_aNew Delhi
_c1979
082 _a621.992
546 _aENGLISH
999 _c35244
_d35244